|
|
|
|
| LEADER |
00000nam0a2200000 4500 |
| 001 |
143540 |
| 005 |
20231101221033.0 |
| 010 |
|
|
|a 9785911317621
|
| 035 |
|
|
|a (RuTPU)RU\TPU\book\155553
|
| 035 |
|
|
|a RU\TPU\book\113193
|
| 090 |
|
|
|a 143540
|
| 100 |
|
|
|a 20061110d2009 m y0rusy50 ca
|
| 101 |
0 |
|
|a rus
|
| 102 |
|
|
|a RU
|
| 105 |
|
|
|a y j 001zy
|
| 200 |
1 |
|
|a Теория, история и методика социальной работы. Избранные работы
|e учебное пособие
|f П. Д. Павленок
|
| 205 |
|
|
|a 8-е изд., испр. и доп.
|
| 210 |
|
|
|a Москва
|c Дашков и К
|d 2009
|
| 215 |
|
|
|a 568 с.
|
| 320 |
|
|
|a Библиография в конце глав.
|
| 330 |
|
|
|a В учебном пособии рассматриваются теоретико-методологические проблемы теории, истории и практики социальной работы.Для научных сотрудников, преподавателей, аспирантов, студентов, практических социальных работников, а также всех, кто интересуется данной проблематикой.
|
| 451 |
|
1 |
|0 (RuTPU)RU\TPU\book\113193
|y 978-5-91131-425-5
|t Теория, история и методика социальной работы. Избранные работы 1991-2006 гг.
|o учебное пособие
|f П. Д. Павленок
|e 7-е изд., доп.
|c М.
|n Дашков и К
|d 2007
|p 474 с.
|a Павленок, Петр Денисович
|
| 606 |
1 |
|
|a Социальная работа
|x Теория
|2 stltpush
|3 (RuTPU)RU\TPU\subj\36954
|9 58145
|
| 610 |
1 |
|
|a экономика
|
| 610 |
1 |
|
|a история
|
| 610 |
1 |
|
|a системный подход
|
| 610 |
1 |
|
|a социальное обслуживание
|
| 610 |
1 |
|
|a социальный сервис
|
| 610 |
1 |
|
|a социальные услуги
|
| 610 |
1 |
|
|a социальные технологии
|
| 610 |
1 |
|
|a пожилые люди
|
| 610 |
1 |
|
|a бездомность
|
| 610 |
1 |
|
|a этнические общности
|
| 610 |
1 |
|
|a малообеспеченные группы
|
| 610 |
1 |
|
|a жизненный уровень
|
| 610 |
1 |
|
|a девиантное поведение
|
| 610 |
1 |
|
|a молодежь
|
| 610 |
1 |
|
|a социальные работники
|
| 610 |
1 |
|
|a образование
|
| 610 |
1 |
|
|a учебные пособия
|
| 610 |
1 |
|
|a гуманитаризация
|
| 686 |
|
|
|a У9(2)272я73
|v LBC/SL-A
|2 rubbk
|
| 700 |
|
1 |
|a Павленок
|b П. Д.
|g Петр Денисович
|
| 801 |
|
1 |
|a RU
|b 63413507
|c 20080919
|g PSBO
|
| 801 |
|
2 |
|a RU
|b 63413507
|c 20160315
|g PSBO
|
| 900 |
|
|
|a Теория социальной работы
|
| 900 |
|
|
|a История социальной работы
|
| 900 |
|
|
|a История социальной работы в России
|
| 942 |
|
|
|c BK
|
| 959 |
|
|
|a 73/20080716
|d 1
|e 277,20
|f ЧЗГЛ:1
|
| 959 |
|
|
|a 112/20081124
|d 2
|e 264,00
|f АНЛ:2
|